000
00220 a2200097 4500
001
17079
100
_a
Hayt William H
245
_a
Engineering Circuit Analysis
260
_a
Tokyo
_b
McGraw-Hill
_c
090
_c
12725
_d
12725
942
_a
NUST-CAE
_c
M
_c
3031
999
_c
252152
_d
252152